Effect of nurse culture on including division of isolated pollen protoplasts of Hevea brasiliensis (Record no. 58000)

MARC details
000 -LEADER
fixed length control field 01842nam a2200169Ia 4500
100 ## - MAIN ENTRY--AUTHOR NAME
Personal name Sushamakumari S et al.
245 #0 - TITLE STATEMENT
Title Effect of nurse culture on including division of isolated pollen protoplasts of Hevea brasiliensis
260 ## - PUBLICATION, DISTRIBUTION, ETC. (IMPRINT)
Name of publisher Journal of Plantation Crops
Year of publication 2013
300 ## - PHYSICAL DESCRIPTION
Number of Pages 123-129
520 ## - SUMMARY, ETC.
Summary, etc Haploids are of grate relevance in crop improvement of Hevea, a highly heterozygous tree species with a long breeding cycle. The isolation and culture of pollen protoplasts may be a viable proposition for raising haploid plants/homozygous lines in Hevea. The present work envidages the developement of a method for the isolation and culture of pollen protoplasts of Hevea. Effecct of different nurse cultures on the developement of cultured protoplasts has been studied. Intact pollen grains were isolated from mature male flowere of Heavea prior to opening. Viable protopasts in high yield could be isolated from these pollen grains when exposed to a mixture of 0.5 per cent cellulase and 0.05 per cent pectolyase in the presence of the osmotic stabilizers 0.6 M mannitol and 0.3 M sorbitol. These protoplasts were partially purified and cultured in the nutrient medium with three different nurse cultures nmely embryogenic calli from Hevea, tobacco and carrot. Divisiion of the cultured protoplasts leading to the formation of a few micro-colonies was obseved in the medium containing 0.8 mg 1-12, 4-D and 0.5 mg1-1 BA and enriched with Hevea nurse culture. Cultures with micro-colonies are dark incubated for further developement. This is the first report of division of pollen protoplasts and micro-colony formation in Hevea brasiliensis.
650 ## - SUBJECT ADDED ENTRY--TOPICAL TERM
Topical Term Hevea brasiliensis
650 ## - SUBJECT ADDED ENTRY--TOPICAL TERM
Topical Term Micro-colony
650 ## - SUBJECT ADDED ENTRY--TOPICAL TERM
Topical Term Nurse culture
650 ## - SUBJECT ADDED ENTRY--TOPICAL TERM
Topical Term Pollen protoplast
942 ## - ADDED ENTRY ELEMENTS (KOHA)
Koha item type Journals
Holdings
Withdrawn status Lost status Damaged status Not for loan Home library Current library Date acquired Serial Enumeration / chronology Koha item type
      Journals RRII Library RRII Library 26/03/2014 Volume 41, Issue 2 Journals